[Event "POL-ch U12"]
[Site "Uniejow"]
[Date "2021.07.20"]
[Round "2"]
[White "Nowakowski, Maksymilian"]
[Black "Broszkiewicz, Stanislaw"]
[Result "0-1"]
[WhiteElo "1359"]
[BlackElo "1200"]
[PlyCount "62"]
[EventDate "2021.07.18"]
[EventType "swiss"]
[EventRounds "9"]
[EventCountry "POL"]
[SourceTitle "EXT 2022"]
[Source "ChessBase"]
[SourceDate "2021.10.06"]
[SourceVersion "1"]
[SourceVersionDate "2021.10.06"]
[SourceQuality "1"]

1. d4 d5 2. Nf3 c5 3. g3 Nf6 4. Bg2 Nc6 5. 0-0 Bf5 6. b3 e6 7. Bb2 Be7 8. c4 0-0 9. Ne5 Nxd4 10. Bxd4 cxd4 11. cxd5 Nxd5 12. Qxd4 Bf6 13. e4 Nf4 14. Qxd8 Ne2+ 15. Kh1 Rfxd8 16. Na3 Bxe5 17. Rae1 Nxg3+ 18. hxg3 Bg6 19. f4 Bc3 20. Rd1 Bh5 21. Bf3 Bxf3+ 22. Rxf3 Rxd1+ 23. Kh2 Bb4 24. Nc4 b5 25. Ne5 f5 26. Nc6 a5 27. exf5 exf5 28. Kh3 Ra6 29. Ne5 Rh6+ 30. Kg2 Rd2+ 31. Kg1 Bc5+ 0-1